[Event "BL 0304 SC Kreuzberg - SK König Plauen"]
[Site "?"]
[Date "2004.02.15"]
[Round "9.8"]
[White "Loeffler, Stefan"]
[Black "Pfeufer, Lion"]
[Result "1-0"]
[WhiteElo "2413"]
[BlackElo "2015"]
[PlyCount "59"]
[EventDate "2004.??.??"]

1. d4 Nf6 2. c4 g6 3. Nf3 Bg7 4. e4 d6 5. Be2 O-O 6. Nc3 Nbd7 7. O-O e5 8. Re1
Re8 9. Bf1 exd4 10. Nxd4 Nc5 11. f3 a5 12. Ndb5 Bd7 13. Be3 Re7 14. Qc2 Bxb5
15. cxb5 Qe8 16. b6 cxb6 17. Rad1 Rd8 18. Re2 Red7 19. g3 Ne6 20. Red2 d5 21.
Bh3 dxe4 22. Nxe4 Nd5 23. Bxe6 Qxe6 24. Bg5 Nb4 25. Bxd8 Nxc2 26. Rxd7 Ne3 27.
Bg5 Nf5 28. Rd8+ Bf8 29. Nf6+ Kg7 30. Rxf8 1-0

[Event "BL 0304 SFR Neukölln - TV Tegernsee"]
[Site "?"]
[Date "2004.02.15"]
[Round "9.1"]
[White "Khenkin, Igor"]
[Black "Stohl, Igor Dr"]
[Result "1/2-1/2"]
[WhiteElo "2627"]
[BlackElo "2556"]
[PlyCount "47"]
[EventDate "2004.??.??"]

1. d4 Nf6 2. c4 e6 3. Nc3 Bb4 4. f3 d5 5. a3 Bxc3+ 6. bxc3 c5 7. cxd5 Nxd5 8.
dxc5 Qa5 9. e4 Nf6 10. Be3 O-O 11. Qb3 Nfd7 12. a4 Qc7 13. Qa3 b6 14. a5 bxc5
15. Nh3 Ba6 16. Bxa6 Nxa6 17. Qa4 Ne5 18. Nf2 Rab8 19. f4 Nc6 20. O-O Rfd8 21.
Rfd1 Qb7 22. Nd3 h6 23. f5 Qb5 24. Qxb5 1/2-1/2

[Event "BL 0304 SFR Neukölln - TV Tegernsee"]
[Site "?"]
[Date "2004.02.15"]
[Round "9.2"]
[White "Berndt, Stephan"]
[Black "Sokolov, Andrei"]
[Result "1/2-1/2"]
[WhiteElo "2462"]
[BlackElo "2584"]
[PlyCount "51"]
[EventDate "2004.??.??"]

1. e4 c5 2. Nf3 e6 3. d4 cxd4 4. Nxd4 Nf6 5. Nc3 d6 6. Bc4 Be7 7. a3 O-O 8. Ba2
Nc6 9. O-O Bd7 10. f4 Nxd4 11. Qxd4 b5 12. Kh1 a5 13. e5 Ne8 14. Rd1 Bc6 15. f5
dxe5 16. Qe3 Bd6 17. fxe6 fxe6 18. Qh3 Kh8 19. Bxe6 Qf6 20. Be3 Qg6 21. Rf1 Nf6
22. Bf5 Qh5 23. Qxh5 Nxh5 24. Be4 Bxe4 25. Nxe4 Be7 26. Rad1 1/2-1/2

[Event "BL 0304 SFR Neukölln - TV Tegernsee"]
[Site "?"]
[Date "2004.02.15"]
[Round "9.4"]
[White "Borriss, Martin Dr"]
[Black "Bischoff, Klaus"]
[Result "1/2-1/2"]
[WhiteElo "2445"]
[BlackElo "2564"]
[PlyCount "26"]
[EventDate "2004.??.??"]

1. e4 c5 2. Nf3 d6 3. d4 cxd4 4. Nxd4 Nf6 5. Nc3 a6 6. Be3 e5 7. Nb3 Be6 8. f3
h5 9. Be2 Nbd7 10. f4 Qc7 11. f5 Bc4 12. Nd2 Bxe2 13. Qxe2 Rc8 1/2-1/2

[Event "BL 0304 SFR Neukölln - TV Tegernsee"]
[Site "?"]
[Date "2004.02.15"]
[Round "9.5"]
[White "Boensch, Uwe"]
[Black "Poldauf, Dirk"]
[Result "1-0"]
[WhiteElo "2545"]
[BlackElo "2404"]
[PlyCount "83"]
[EventDate "2004.??.??"]

1. d4 Nf6 2. c4 g6 3. Nc3 Bg7 4. e4 d6 5. Bd3 O-O 6. Nge2 Nbd7 7. h3 c5 8. Be3
b6 9. O-O cxd4 10. Bxd4 Bb7 11. Nd5 Rc8 12. Nxf6+ Nxf6 13. Nc3 a6 14. Re1 Nd7
15. Bxg7 Kxg7 16. Bf1 Kg8 17. Rc1 Re8 18. Qd2 Bc6 19. b4 Bb7 20. a3 Ne5 21. Qd4
Nc6 22. Qe3 e5 23. Ne2 Qc7 24. Red1 Nd8 25. Nc3 Rb8 26. Qd2 Re6 27. Nd5 Qc6 28.
Qe3 Ba8 29. Be2 h5 30. g4 h4 31. g5 Kg7 32. Bg4 Rb7 33. b5 Qc5 34. bxa6 Ra7 35.
Nxb6 Qxe3 36. fxe3 Rxa6 37. Nxa8 Rxa8 38. Bxe6 Nxe6 39. Rxd6 Nxg5 40. c5 Rxa3
41. c6 Nxe4 42. Rd8 1-0

[Event "BL 0304 SFR Neukölln - TV Tegernsee"]
[Site "?"]
[Date "2004.02.15"]
[Round "9.7"]
[White "Hertneck, Gerald"]
[Black "Schwarz, Michael"]
[Result "1-0"]
[WhiteElo "2524"]
[BlackElo "2409"]
[PlyCount "41"]
[EventDate "2004.??.??"]

1. Nf3 Nf6 2. c4 e6 3. d4 Bb4+ 4. Nbd2 d5 5. Qa4+ Nc6 6. e3 O-O 7. Be2 Ne4 8.
O-O Bd7 9. Qc2 f5 10. Qb3 Be8 11. cxd5 exd5 12. a3 Be7 13. Qxb7 Rf6 14. Qb3 Rb8
15. Qc2 Bd6 16. b4 Rh6 17. g3 Rb6 18. Bb2 Qe7 19. Rac1 f4 20. Nxe4 dxe4 21. Ne5
1-0

[Event "BL 0304 SFR Neukölln - TV Tegernsee"]
[Site "?"]
[Date "2004.02.15"]
[Round "9.8"]
[White "Rudolf, Henrik"]
[Black "Teske, Henrik"]
[Result "1/2-1/2"]
[WhiteElo "2316"]
[BlackElo "2518"]
[PlyCount "228"]
[EventDate "2004.??.??"]

1. e4 e6 2. d4 d5 3. Nc3 Bb4 4. e5 c5 5. a3 cxd4 6. axb4 dxc3 7. Qg4 Kf8 8. Nf3
Nd7 9. Bd3 Qc7 10. Qd4 Ne7 11. b5 cxb2 12. Bxb2 Nc5 13. O-O b6 14. Ra3 Bd7 15.
Rc3 h6 16. Ba3 Rc8 17. Nd2 Kg8 18. Rc1 Nf5 19. Bxf5 exf5 20. Nb3 Kh7 21. Bxc5
bxc5 22. Rxc5 Qb8 23. c4 a6 24. cxd5 Bxb5 25. d6 Bd7 26. Qe3 Qb4 27. h3 Be6 28.
Rxc8 Rxc8 29. Rxc8 Bxc8 30. Nc5 a5 31. d7 Bxd7 32. Nxd7 a4 33. e6 fxe6 34. Qxe6
Qb1+ 35. Kh2 a3 36. Nf8+ Kh8 37. Ng6+ Kh7 38. Nf8+ Kh8 39. Ng6+ Kh7 40. Ne7
Qb8+ 41. g3 Qf8 42. Nxf5 a2 43. Qxa2 Qxf5 44. Qe2 h5 45. Kg2 Qd5+ 46. Qf3 Qe5
47. Qd3+ g6 48. Qd7+ Kg8 49. Qc6 Kg7 50. Qc4 Qf5 51. Qd4+ Kh7 52. g4 hxg4 53.
hxg4 Qe6 54. Kg3 Qe7 55. Qe3 Qd6+ 56. Qf4 Qa3+ 57. Kh4 Qe7+ 58. g5 Qb7 59. f3
Qa7 60. Qf6 Qc7 61. Kg4 Qc4+ 62. Kg3 Qc7+ 63. Kf2 Qc2+ 64. Ke3 Qc1+ 65. Ke4 Qb2
66. Kd5 Qb5+ 67. Kd6 Qb6+ 68. Kd7 Qb7+ 69. Ke8 Qb5+ 70. Kf7 Qb3+ 71. Ke7 Qb7+
72. Kd6 Qb6+ 73. Ke5 Qb5+ 74. Ke4 Qb1+ 75. Kf4 Qb4+ 76. Ke3 Qc5+ 77. Ke2 Qc2+
78. Kf1 Qc1+ 79. Kg2 Qc2+ 80. Kg3 Qc7+ 81. f4 Qd7 82. Qe5 Qd3+ 83. Kf2 Qd2+ 84.
Kf3 Qd3+ 85. Qe3 Qd5+ 86. Ke2 Qc4+ 87. Ke1 Qb4+ 88. Kd1 Qb1+ 89. Kd2 Qb4+ 90.
Kd3 Qb3+ 91. Kd4 Qb2+ 92. Kd3 Qb3+ 93. Ke2 Qc4+ 94. Kf2 Qc2+ 95. Kf3 Qc6+ 96.
Qe4 Qc3+ 97. Kg4 Qc8+ 98. Kh4 Qc7 99. Qd4 Qe7 100. Kg3 Qa3+ 101. Kg4 Qe7 102.
Kf3 Qb7+ 103. Ke2 Qb5+ 104. Kd2 Qa5+ 105. Kd3 Qa6+ 106. Qc4 Qd6+ 107. Ke4 Qe7+
108. Kd5 Qf7+ 109. Kc5 Qc7+ 110. Kb5 Qb7+ 111. Ka5 Qa7+ 112. Kb4 Qb6+ 113. Ka4
Qa7+ 114. Kb3 Qe3+ 1/2-1/2

[Event "BL 0304 Bremer SG - Hamburger SK"]
[Site "?"]
[Date "2004.02.15"]
[Round "9.2"]
[White "Bacrot, Etienne"]
[Black "Gustafsson, Jan"]
[Result "1-0"]
[WhiteElo "2664"]
[BlackElo "2571"]
[PlyCount "71"]
[EventDate "2004.??.??"]

1. d4 d5 2. c4 c6 3. Nc3 Nf6 4. Nf3 dxc4 5. a4 Bf5 6. e3 e6 7. Bxc4 Bb4 8. O-O
Nbd7 9. Qe2 O-O 10. e4 Bg6 11. Bd3 Bh5 12. e5 Nd5 13. Nxd5 cxd5 14. Qe3 h6 15.
Ne1 Bg6 16. Bxg6 fxg6 17. Nc2 Ba5 18. Qd3 Kh7 19. f4 a6 20. b4 Bb6 21. g4 Qh4
22. Ne3 Rac8 23. Bd2 h5 24. Rae1 hxg4 25. Re2 Rf7 26. Rg2 Nf8 27. Rxg4 Qe7 28.
a5 Ba7 29. Rf3 Kg8 30. Rh3 Qe8 31. Rgh4 Rfc7 32. f5 Kf7 33. Rh8 Qb5 34. fxg6+
Ke7 35. Rf3 Rc1+ 36. Kg2 1-0

[Event "BL 0304 Bremer SG - Hamburger SK"]
[Site "?"]
[Date "2004.02.15"]
[Round "9.3"]
[White "Kempinski, Robert"]
[Black "Hjartarson, Johann"]
[Result "1-0"]
[WhiteElo "2561"]
[BlackElo "2640"]
[PlyCount "67"]
[EventDate "2004.??.??"]

1. d4 Nf6 2. c4 e6 3. Nf3 b6 4. e3 Bb7 5. Bd3 d5 6. O-O Bd6 7. Nc3 O-O 8. b3
Nbd7 9. Bb2 a6 10. Qe2 Ne4 11. Rac1 Qe7 12. Rfd1 f5 13. a4 Rf6 14. a5 Rh6 15.
g3 Ndf6 16. axb6 cxb6 17. cxd5 exd5 18. Ne5 Bxe5 19. dxe5 Ng4 20. Bxe4 dxe4 21.
Qc4+ Kh8 22. Nd5 Bxd5 23. Qxd5 Re8 24. h3 Rxh3 25. Qd7 Qxd7 26. Rxd7 Nxf2 27.
e6 Ng4 28. Rxg7 Rxg3+ 29. Kf1 Rf3+ 30. Ke1 Rxe3+ 31. Kd1 Nf2+ 32. Kd2 Rxb3 33.
Ba1 Ra3 34. Re7+ 1-0

[Event "BL 0304 Bremer SG - Hamburger SK"]
[Site "?"]
[Date "2004.02.15"]
[Round "9.5"]
[White "Wahls, Matthias"]
[Black "Stefansson, Hannes"]
[Result "1/2-1/2"]
[WhiteElo "2546"]
[BlackElo "2567"]
[PlyCount "38"]
[EventDate "2004.??.??"]

1. c4 Nf6 2. Nc3 e5 3. Nf3 Nc6 4. a3 g6 5. g3 Bg7 6. Bg2 O-O 7. O-O Re8 8. d3
d5 9. cxd5 Nxd5 10. Bg5 Nxc3 11. bxc3 Qd7 12. Qd2 b6 13. Bh6 Bb7 14. Bxg7 Kxg7
15. Qb2 Rad8 16. Nd2 Na5 17. Bxb7 Nxb7 18. a4 Na5 19. Nb3 Nxb3 1/2-1/2

[Event "BL 0304 Bremer SG - Hamburger SK"]
[Site "?"]
[Date "2004.02.15"]
[Round "9.7"]
[White "Bezold, Michael"]
[Black "Gisbrecht, Ewgeni"]
[Result "1/2-1/2"]
[WhiteElo "2456"]
[BlackElo "2441"]
[PlyCount "41"]
[EventDate "2004.??.??"]

1. g3 d5 2. Bg2 Nf6 3. Nf3 c6 4. O-O Bg4 5. b3 e6 6. Bb2 Be7 7. d3 O-O 8. Nbd2
Nbd7 9. c4 a5 10. a3 Re8 11. Qc2 Bd6 12. e4 dxe4 13. dxe4 e5 14. Nh4 Qc7 15. h3
Bh5 16. Bc3 b5 17. b4 axb4 18. axb4 c5 19. bxc5 Qxc5 20. Nf5 Bf8 21. cxb5
1/2-1/2

[Event "BL 0304 Bremer SG - Hamburger SK"]
[Site "?"]
[Date "2004.02.15"]
[Round "9.8"]
[White "Breutigam, Martin"]
[Black "Reeh, Oliver"]
[Result "0-1"]
[WhiteElo "2409"]
[BlackElo "2446"]
[PlyCount "78"]
[EventDate "2004.??.??"]

1. d4 Nf6 2. c4 e6 3. Nc3 Bb4 4. Bg5 c5 5. dxc5 h6 6. Bh4 Bxc5 7. e3 O-O 8. Nf3
b6 9. Bd3 Bb7 10. O-O Be7 11. Nd4 Nc6 12. Rc1 Nxd4 13. exd4 d5 14. b3 Rc8 15.
a4 Qd7 16. Bg3 Bd6 17. Bxd6 Qxd6 18. Nb5 Qb8 19. c5 bxc5 20. dxc5 d4 21. Nd6
Rxc5 22. Rxc5 Qxd6 23. Qc1 Ng4 24. f4 Ne3 25. Rf2 Nd1 26. Rd2 Ne3 27. Rf2 Nd5
28. Be4 Nb4 29. Bb1 Bd5 30. Rb2 d3 31. Rc8 Rxc8 32. Qxc8+ Kh7 33. Qc1 Be4 34.
Qe3 f5 35. g3 Qc6 36. Rf2 a5 37. h4 Qc3 38. Qd2 Qd4 39. Kh2 Nd5 {(Zue)} 0-1

[Event "BL 0304 SG Köln Porz - SV Hofheim"]
[Site "?"]
[Date "2004.02.15"]
[Round "9.3"]
[White "Krivoshey, Sergei"]
[Black "Andersson, Ulf"]
[Result "0-1"]
[WhiteElo "2495"]
[BlackElo "2566"]
[PlyCount "72"]
[EventDate "2004.??.??"]

1. Nf3 Nf6 2. c4 c5 3. Nc3 g6 4. d4 cxd4 5. Nxd4 Bg7 6. e4 d6 7. Be2 O-O 8. O-O
Nc6 9. Be3 Nxd4 10. Bxd4 Be6 11. f4 a6 12. b3 Rc8 13. g4 Bd7 14. g5 Ne8 15. f5
Bxd4+ 16. Qxd4 Rc5 17. Bd3 Re5 18. Rf2 f6 19. gxf6 Nxf6 20. Rg2 Be8 21. Nd5 Kh8
22. Rf1 Bf7 23. Nxf6 exf6 24. Bc2 Qe7 25. Rd2 Rd8 26. fxg6 Bxg6 27. c5 Rg8 28.
Rg2 dxc5 29. Qf2 Rf8 30. Kh1 Bxe4 31. Bxe4 Rxe4 32. Rfg1 Re5 33. Qh4 Rg5 34.
Rxg5 fxg5 35. Qxg5 Qe4+ 36. Qg2 Qxg2+ 0-1

[Event "BL 0304 SG Köln Porz - SV Hofheim"]
[Site "?"]
[Date "2004.02.15"]
[Round "9.4"]
[White "Beliavsky, Alexander G"]
[Black "Ginsburg, Gennadi"]
[Result "1-0"]
[WhiteElo "2667"]
[BlackElo "2483"]
[PlyCount "53"]
[EventDate "2004.??.??"]

1. d4 Nf6 2. c4 g6 3. Nc3 Bg7 4. e4 d6 5. Nf3 O-O 6. Be2 Bg4 7. Be3 Nfd7 8. h3
Bxf3 9. Bxf3 c5 10. d5 Bxc3+ 11. bxc3 Qa5 12. Qb3 Na6 13. O-O Rfb8 14. Be2 Qd8
15. f4 Qf8 16. Qb5 Qe8 17. Qb1 Nc7 18. Qe1 e6 19. Bf3 e5 20. f5 Qe7 21. Bg4 Ne8
22. Rf3 Kg7 23. f6+ Ndxf6 24. Qh4 h5 25. Raf1 hxg4 26. Rxf6 Nxf6 27. Bg5 1-0

[Event "BL 0304 SG Köln Porz - SV Hofheim"]
[Site "?"]
[Date "2004.02.15"]
[Round "9.5"]
[White "Zude, Arno"]
[Black "Graf, Alexander"]
[Result "0-1"]
[WhiteElo "2382"]
[BlackElo "2646"]
[PlyCount "104"]
[EventDate "2004.??.??"]

1. e4 c5 2. Nf3 e6 3. d4 cxd4 4. Nxd4 Nf6 5. Nc3 d6 6. Be2 Be7 7. O-O Nc6 8.
Be3 Bd7 9. Nb3 a6 10. f4 b5 11. a3 O-O 12. Bf3 Rb8 13. Qe2 Qc7 14. Rfd1 Rfc8
15. Qf2 Be8 16. Nd4 Na5 17. Kh1 Nc4 18. Bc1 Qa7 19. Qg3 Nd7 20. Nce2 Bf6 21. b3
Na5 22. Be3 Qc7 23. Rac1 Nf8 24. Qf2 Rd8 25. Ng3 g6 26. f5 Qe7 27. Qe1 Nb7 28.
b4 Rdc8 29. Be2 exf5 30. c4 fxe4 31. cxb5 axb5 32. Nxb5 Rxc1 33. Rxc1 d5 34.
Rd1 Bg5 35. Nf5 Qd8 36. Qg3 Bxe3 37. Nxe3 Bxb5 38. Bxb5 d4 39. Bc6 Ne6 40. Bxe4
Nd6 41. Bd5 dxe3 42. Bxe6 e2 43. Re1 fxe6 44. Rxe2 Nf5 45. Qe5 Rb6 46. h3 Qd6
47. Qxd6 Rxd6 48. Rb2 Rd1+ 49. Kh2 Ra1 50. Rb3 Nd4 51. Rd3 e5 52. Re3 h5 0-1

[Event "BL 0304 SG Köln Porz - SV Hofheim"]
[Site "?"]
[Date "2004.02.15"]
[Round "9.6"]
[White "Vaganian, Rafael A"]
[Black "Brendel, Oliver"]
[Result "1-0"]
[WhiteElo "2623"]
[BlackElo "2311"]
[PlyCount "57"]
[EventDate "2004.??.??"]

1. d4 Nf6 2. Nf3 g6 3. c4 Bg7 4. g3 d5 5. cxd5 Nxd5 6. Bg2 Nb6 7. Nc3 Nc6 8. e3
O-O 9. O-O Re8 10. d5 Na5 11. Nd4 Bd7 12. e4 c5 13. Nf3 Bg4 14. Qc2 Qd7 15. b3
f5 16. Bb2 e5 17. Ng5 fxe4 18. Ncxe4 Nxd5 19. Qxc5 b6 20. Qxd5+ Qxd5 21. Nf6+
Bxf6 22. Bxd5+ Kg7 23. Bxa8 Rxa8 24. f4 exf4 25. Bxf6+ Kxf6 26. Nxh7+ Kg7 27.
Rxf4 Bf5 28. Ng5 Re8 29. g4 1-0

[Event "BL 0304 SG Köln Porz - SV Hofheim"]
[Site "?"]
[Date "2004.02.15"]
[Round "9.7"]
[White "Zude, Erik Dr"]
[Black "Hansen, Curt"]
[Result "1/2-1/2"]
[WhiteElo "2349"]
[BlackElo "2616"]
[PlyCount "120"]
[EventDate "2004.??.??"]

1. d4 Nf6 2. c4 e6 3. Nc3 Bb4 4. e3 b6 5. Bd3 Bb7 6. Nf3 Ne4 7. O-O f5 8. d5
Bxc3 9. bxc3 Nc5 10. Qc2 Nba6 11. Ba3 Qf6 12. Rfe1 O-O 13. e4 e5 14. exf5 d6
15. Nd2 Nxd3 16. Qxd3 Bc8 17. Ne4 Qxf5 18. Re3 Bd7 19. Qe2 h6 20. Rf1 Qh7 21.
Ng3 Qg6 22. h3 Kh8 23. Nh5 Rf5 24. Ng3 Rf4 25. Bc1 Raf8 26. Kh2 Nc5 27. f3 Bc8
28. Re1 Ba6 29. Ne4 Nb7 30. Qc2 Bxc4 31. Rd1 Na5 32. Ree1 R4f7 33. Qa4 Re7 34.
Ba3 Bxa2 35. Bxd6 cxd6 36. Qxa2 Rc7 37. Rb1 Rfc8 38. Rb4 Rd8 39. Ra4 Qf7 40.
Kh1 Qd7 41. Rb1 Rdc8 42. Rbb4 Qe7 43. Qf2 Qf8 44. Qe2 Qe7 45. Qa2 Rf8 46. Qf2
Rf4 47. Qe3 Rc8 48. Qd3 Rc7 49. Rb5 Qd7 50. Rbb4 Rf8 51. Qb1 Kg8 52. Qa2 Rfc8
53. Kh2 Qe7 54. Qe2 g6 55. Rb5 Kg7 56. Rbb4 Qd7 57. Qa2 Rf8 58. Qb1 Rf4 59. Qa2
Qe7 60. Rb5 Rf8 1/2-1/2

[Event "BL 0304 SG Köln Porz - SV Hofheim"]
[Site "?"]
[Date "2004.02.15"]
[Round "9.8"]
[White "Van den Doel, Erik"]
[Black "Haubt, Georg"]
[Result "1/2-1/2"]
[WhiteElo "2609"]
[BlackElo "2283"]
[PlyCount "117"]
[EventDate "2004.??.??"]

1. e4 e5 2. Nf3 Nc6 3. Bb5 a6 4. Ba4 f5 5. d4 exd4 6. Nxd4 Nxd4 7. Qxd4 c5 8.
Qe5+ Qe7 9. Qxe7+ Bxe7 10. c4 fxe4 11. Nc3 Nf6 12. Bg5 O-O 13. O-O-O d5 14.
cxd5 Bg4 15. Rde1 Bf5 16. Bf4 Ng4 17. Re2 Bg6 18. g3 Bf6 19. Bd7 Bxc3 20. bxc3
Bf5 21. Ba4 b5 22. Bc2 Rad8 23. Rd2 Rfe8 24. d6 e3 25. fxe3 Bxc2 26. Kxc2 Nxe3+
27. Kb1 Nc4 28. Rd5 Rd7 29. Rxc5 h6 30. h4 Kf7 31. Rc7 Red8 32. Re1 Kf6 33. Rc6
g5 34. Bc1 Rxd6 35. Rxd6+ Rxd6 36. Kc2 Kg6 37. hxg5 hxg5 38. g4 a5 39. Re8 Rd5
40. Re6+ Kf7 41. Re4 a4 42. Be3 Nxe3+ 43. Rxe3 Kf6 44. Re4 Rd8 45. a3 Rd5 46.
Re3 Rd8 47. Rf3+ Ke6 48. Re3+ Kf6 49. Re1 Rd5 50. Re8 Kf7 51. Rc8 Ke6 52. c4
Rd4 53. cxb5 Kd7 54. Rc5 Rxg4 55. Kc3 Kd6 56. Rc6+ Kd7 57. Rg6 Kc7 58. Rc6+ Kb7
59. Rg6 1/2-1/2

[Event "BL 0304 SF Katernberg - SCA St Ingbert"]
[Site "?"]
[Date "2004.02.15"]
[Round "9.3"]
[White "Bricard, Emmanuel"]
[Black "Glek, Igor V"]
[Result "0-1"]
[WhiteElo "2453"]
[BlackElo "2555"]
[PlyCount "42"]
[EventDate "2004.??.??"]

1. d4 Nf6 2. c4 g6 3. Nc3 Bg7 4. Nf3 O-O 5. Bf4 c5 6. d5 d6 7. e4 e6 8. Nd2 Nh5
9. Be3 f5 10. exf5 exf5 11. Nf3 Bxc3+ 12. bxc3 f4 13. Bd2 Bg4 14. Be2 Nd7 15.
O-O Qf6 16. h3 Bxf3 17. Bxf3 Ne5 18. Bxh5 gxh5 19. g3 Qg6 20. Qe2 Rae8 21. Kh1
Qf5 0-1

[Event "BL 0304 SF Katernberg - SCA St Ingbert"]
[Site "?"]
[Date "2004.02.15"]
[Round "9.4"]
[White "Moreno Carnero, Javier"]
[Black "Nguyen, Chi Minh"]
[Result "1/2-1/2"]
[WhiteElo "2516"]
[BlackElo "2375"]
[PlyCount "25"]
[EventDate "2004.??.??"]

1. e4 e6 2. d4 d5 3. Nc3 Bb4 4. e5 Ne7 5. a3 Bxc3+ 6. bxc3 b6 7. Nh3 g6 8. a4
Ba6 9. Bxa6 Nxa6 10. a5 Nb8 11. axb6 cxb6 12. Qd3 Nbc6 13. Ng5 1/2-1/2

[Event "BL 0304 SF Katernberg - SCA St Ingbert"]
[Site "?"]
[Date "2004.02.15"]
[Round "9.5"]
[White "Drollinger, Dennis"]
[Black "Senff, Martin"]
[Result "1/2-1/2"]
[WhiteElo "2275"]
[BlackElo "2446"]
[PlyCount "20"]
[EventDate "2004.??.??"]

1. e4 d6 2. d4 Nf6 3. f3 e5 4. dxe5 dxe5 5. Qxd8+ Kxd8 6. Bc4 Ke8 7. Be3 c6 8.
a4 a5 9. Nd2 Nfd7 10. Nb3 Na6 1/2-1/2

[Event "BL 0304 SF Katernberg - SCA St Ingbert"]
[Site "?"]
[Date "2004.02.15"]
[Round "9.8"]
[White "Scholz, Christian"]
[Black "Bock, Andreas"]
[Result "1-0"]
[WhiteElo "2392"]
[BlackElo "2149"]
[PlyCount "79"]
[EventDate "2004.??.??"]

1. d4 Nf6 2. c4 g6 3. Nc3 Bg7 4. e4 d6 5. Nf3 O-O 6. Be2 e5 7. d5 a5 8. Bg5 h6
9. Bh4 Na6 10. Nd2 h5 11. Bg5 Qe8 12. a3 Bd7 13. b3 Nh7 14. Be3 h4 15. Rb1 f5
16. f3 Bf6 17. b4 axb4 18. axb4 Bg5 19. Bf2 Qe7 20. c5 h3 21. g3 dxc5 22. Bxa6
cxb4 23. Bc4 Bxd2+ 24. Qxd2 bxc3 25. Qxc3 Kh8 26. O-O fxe4 27. f4 Ra3 28. Rb3
Rxb3 29. Bxb3 Bb5 30. Re1 Bd3 31. Bc5 Qf6 32. Bxf8 Ng5 33. fxg5 Qxf8 34. Qxe5+
Kh7 35. Qxc7+ Kh8 36. Qe5+ Kh7 37. d6 Qf3 38. Qe7+ Kh8 39. Qe8+ Kg7 40. Qg8#
1-0

[Event "BL 0304 TV Tegernsee - SV Werder Bremen"]
[Site "?"]
[Date "2004.03.06"]
[Round "10.1"]
[White "McShane, Luke James"]
[Black "Khenkin, Igor"]
[Result "1-0"]
[WhiteElo "2649"]
[BlackElo "2627"]
[PlyCount "109"]
[EventDate "2004.??.??"]

1. e4 c6 2. d3 d5 3. Nd2 e5 4. Ngf3 Bd6 5. g3 Nf6 6. Bg2 O-O 7. O-O Re8 8. b3
Bg4 9. Bb2 Nbd7 10. h3 Bh5 11. Qe1 a5 12. a3 dxe4 13. dxe4 b5 14. Nh4 Bc5 15.
Kh1 Nf8 16. Ndf3 N6d7 17. Nf5 f6 18. N3h4 Ne6 19. Ne3 Bd4 20. Bxd4 Nxd4 21.
Nhf5 Nc5 22. g4 Bg6 23. Rd1 Qb6 24. f4 exf4 25. Rxf4 Nde6 26. Rf1 Ng5 27. Nd6
Re5 28. Nef5 Rd8 29. h4 Ngxe4 30. Nxe4 Rxd1 31. Nxf6+ gxf6 32. Qxd1 Bxf5 33.
gxf5 Qc7 34. Qg4+ Kh8 35. Rg1 Re8 36. Bf3 Nb7 37. h5 Nd6 38. h6 Qd7 39. Qg7+
Qxg7 40. hxg7+ Kg8 41. Bxc6 Re5 42. c4 a4 43. Bd5+ Rxd5 44. cxd5 axb3 45. Rb1
Kxg7 46. Rxb3 Kf8 47. Kg2 Ke7 48. Kh3 h5 49. Rf3 Nc4 50. Kh4 Kd6 51. Kxh5 Kxd5
52. Rb3 Nd6 53. Kg6 Ke4 54. Rb4+ Ke5 55. Rb1 1-0

[Event "BL 0304 TV Tegernsee - SV Werder Bremen"]
[Site "?"]
[Date "2004.03.06"]
[Round "10.2"]
[White "Sokolov, Andrei"]
[Black "Hracek, Zbynek"]
[Result "1/2-1/2"]
[WhiteElo "2584"]
[BlackElo "2578"]
[PlyCount "78"]
[EventDate "2004.??.??"]

1. e4 c5 2. Nf3 d6 3. d4 cxd4 4. Nxd4 Nf6 5. Nc3 a6 6. Be2 e5 7. Nb3 Be7 8. Be3
Be6 9. Nd5 Nbd7 10. Qd3 Bxd5 11. exd5 Rc8 12. c4 O-O 13. O-O a5 14. Qd2 b6 15.
f4 Ne4 16. Qc2 exf4 17. Bxf4 Ndc5 18. Nd4 Bg5 19. Rad1 g6 20. b3 Qf6 21. g3 Qg7
22. a3 Rfe8 23. b4 axb4 24. axb4 Nd7 25. Bg4 Bxf4 26. Rxf4 f5 27. Nxf5 gxf5 28.
Bxf5 Nef6 29. Rdf1 Kh8 30. Be6 Rf8 31. Qa4 Rb8 32. Qc6 Qe7 33. Qc7 Rfc8 34. Qa7
Ra8 35. Qb7 Rcb8 36. Qc7 Rc8 37. Qb7 Rcb8 38. Qc7 Rc8 39. Qb7 Rcb8 1/2-1/2

[Event "BL 0304 TV Tegernsee - SV Werder Bremen"]
[Site "?"]
[Date "2004.03.06"]
[Round "10.3"]
[White "Babula, Vlastimil"]
[Black "Ribli, Zoltan"]
[Result "1/2-1/2"]
[WhiteElo "2567"]
[BlackElo "2593"]
[PlyCount "30"]
[EventDate "2004.??.??"]

1. d4 Nf6 2. c4 e6 3. Nf3 d5 4. Nc3 dxc4 5. e4 Bb4 6. Bg5 c5 7. e5 cxd4 8. Nxd4
Bxc3+ 9. bxc3 Qa5 10. exf6 Qxg5 11. fxg7 Qxg7 12. Qd2 O-O 13. h4 e5 14. Nb5 Nc6
15. Bxc4 Bg4 1/2-1/2

[Event "BL 0304 TV Tegernsee - SV Werder Bremen"]
[Site "?"]
[Date "2004.03.06"]
[Round "10.4"]
[White "Bischoff, Klaus"]
[Black "Schandorff, Lars"]
[Result "1-0"]
[WhiteElo "2564"]
[BlackElo "2520"]
[PlyCount "107"]
[EventDate "2004.??.??"]

1. d4 d5 2. c4 c6 3. e3 Nf6 4. Nc3 a6 5. Qc2 e6 6. Nf3 c5 7. cxd5 exd5 8. Be2
Nc6 9. O-O Be6 10. dxc5 Bxc5 11. Rd1 Qe7 12. Nd4 Nxd4 13. exd4 Bd6 14. Bg5 O-O
15. Re1 h6 16. Bh4 Rac8 17. Qd3 Qd8 18. Bd1 b5 19. Bc2 Rxc3 20. bxc3 Re8 21.
Qf3 g5 22. Bg3 Kg7 23. Be5 Bxe5 24. dxe5 Nd7 25. Qd3 Rh8 26. a4 Qc7 27. axb5
axb5 28. Re3 Qc4 29. Qd1 Rc8 30. Bb3 Qc5 31. Qd2 Nb6 32. h3 Bf5 33. Ra5 Nc4 34.
Bxc4 Qxc4 35. Qb2 Rb8 36. Ra3 b4 37. Rb3 bxc3 38. Rexc3 Rxb3 39. Rxb3 Be6 40.
Rb4 Qd3 41. Rd4 Qf5 42. Qe2 Qb1+ 43. Rd1 Qf5 44. Qe3 Qc2 45. Rd4 Qb1+ 46. Kh2
Qf5 47. Rd2 Kg8 48. Rb2 Kg7 49. Qd4 h5 50. Qe3 Kg6 51. Rb4 Qc2 52. h4 gxh4 53.
Rxh4 Bg4 54. Qg3 1-0

[Event "BL 0304 TV Tegernsee - SV Werder Bremen"]
[Site "?"]
[Date "2004.03.06"]
[Round "10.6"]
[White "Beim, Valery"]
[Black "Knaak, Rainer"]
[Result "1-0"]
[WhiteElo "2518"]
[BlackElo "2480"]
[PlyCount "47"]
[EventDate "2004.??.??"]

1. Nf3 d5 2. c4 e6 3. d4 c6 4. cxd5 exd5 5. Qc2 Nf6 6. Bg5 Be7 7. Nc3 g6 8. e4
dxe4 9. Bxf6 Bxf6 10. Qxe4+ Qe7 11. Bc4 Bf5 12. Qxe7+ Kxe7 13. O-O-O Rd8 14. h3
b5 15. Bb3 b4 16. Rhe1+ Kf8 17. Na4 h5 18. Bc2 Be6 19. Rxe6 fxe6 20. Nc5 Kf7
21. Bb3 Rd5 22. Re1 Nd7 23. Bxd5 Nxc5 24. Bc4 1-0

[Event "BL 0304 TV Tegernsee - SV Werder Bremen"]
[Site "?"]
[Date "2004.03.06"]
[Round "10.7"]
[White "Joachim, Sven"]
[Black "Hertneck, Gerald"]
[Result "0-1"]
[WhiteElo "2434"]
[BlackElo "2524"]
[PlyCount "72"]
[EventDate "2004.??.??"]

1. e4 c5 2. Nf3 Nc6 3. Bb5 g6 4. Bxc6 dxc6 5. d3 Bg7 6. h3 e5 7. Be3 b6 8. Qd2
h6 9. Nc3 Ne7 10. Nh2 Be6 11. Ne2 f5 12. exf5 gxf5 13. f4 e4 14. dxe4 Qxd2+ 15.
Bxd2 Bxb2 16. Rb1 Bg7 17. Bc3 O-O 18. g4 fxe4 19. f5 Bxa2 20. Ra1 Bc4 21. Bxg7
Kxg7 22. Nf4 Kf6 23. Nf1 Nd5 24. Nh5+ Ke5 25. Nd2 Kd4 26. Nxc4 Kxc4 27. O-O a5
28. Rae1 Rae8 29. Ng7 Re5 30. Ne6 Rf6 31. Kg2 b5 32. Kg3 a4 33. h4 b4 34. g5
hxg5 35. hxg5 Rfxe6 36. fxe6 Rxg5+ 0-1

[Event "BL 0304 TV Tegernsee - SV Werder Bremen"]
[Site "?"]
[Date "2004.03.06"]
[Round "10.8"]
[White "Teske, Henrik"]
[Black "Meins, Gerlef"]
[Result "1/2-1/2"]
[WhiteElo "2518"]
[BlackElo "2454"]
[PlyCount "49"]
[EventDate "2004.??.??"]

1. c4 Nf6 2. Nc3 e5 3. g3 Bb4 4. Bg2 O-O 5. e4 Bxc3 6. bxc3 c6 7. Ne2 d5 8.
cxd5 cxd5 9. exd5 Nxd5 10. O-O Nc6 11. Rb1 Rb8 12. c4 Nb6 13. d3 Bf5 14. Rb3
Qd7 15. Be3 Rfd8 16. Bxb6 axb6 17. Bd5 Ne7 18. Nc3 Nxd5 19. Nxd5 Be6 20. Nxb6
Qc6 21. Qh5 f6 22. Rfb1 Bf7 23. Qe2 Rd4 24. a4 Rbd8 25. Nd5 1/2-1/2

[Event "BL 0304 SK König Plauen - Bremer SG"]
[Site "?"]
[Date "2004.03.06"]
[Round "10.1"]
[White "Sakaev, Konstantin"]
[Black "Kindermann, Stefan"]
[Result "1/2-1/2"]
[WhiteElo "2657"]
[BlackElo "2542"]
[PlyCount "38"]
[EventDate "2004.??.??"]

1. d4 d5 2. c4 c6 3. Nf3 Nf6 4. Nc3 a6 5. c5 Nbd7 6. Bf4 Nh5 7. e3 g6 8. h4
Nxf4 9. exf4 Bg7 10. Qd2 b6 11. cxb6 Nxb6 12. h5 Qd6 13. Qe3 Bf5 14. Ne5 f6 15.
Nf3 Qe6 16. Qxe6 Bxe6 17. Bd3 Bf5 18. Bxf5 gxf5 19. O-O e6 1/2-1/2